Maiar - Statistics

General Stats
  • This quiz has been taken 26 times
  • The average score is 7 of 16
Answer Stats
Answer % Correct
Ossë
83%
Durin's Bane
67%
Gothmog
67%
Melian
67%
Arien
50%
Eönwë
50%
Ilmarë
50%
Salmar
50%
Mairon (Sauron)
33%
Olórin (Gandalf)
33%
Tilion
33%
Unien
33%
Aiwendil (Radagast)
17%
Alatar (Morinehtar)
17%
Curumo (Saruman)
17%
Pallando (Rómestámo)
17%
No matching quizzes found
Score Distribution
Percent of People with Each Score
Percentile by Number Answered
Your Score History
You have not taken this quiz